000 00292nam a2200085Ia 4500
008 160617s9999 xx 000 0 und d
245 _aJournal of Radiology Case Reports
650 _aRADIOLOGIC TECHNOLOGY
856 _uhttp://www.radiologycases.com/index.php/radiologycases/issue/view/121/showToc
999 _c296050
_d296050